Reproducible Research in Pattern Recognition (Запис № 445869)

МАРК-запис
000 -LEADER
fixed length control field 03906nam a22006735i 4500
001 - CONTROL NUMBER
control field 978-3-319-56414-2
003 - CONTROL NUMBER IDENTIFIER
control field DE-He213
005 - DATE AND TIME OF LATEST TRANSACTION
control field 20210118122923.0
007 - PHYSICAL DESCRIPTION FIXED FIELD--GENERAL INFORMATION
fixed length control field cr nn 008mamaa
008 - FIXED-LENGTH DATA ELEMENTS--GENERAL INFORMATION
fixed length control field 170404s2017 gw | s |||| 0|eng d
020 ## - INTERNATIONAL STANDARD BOOK NUMBER
International Standard Book Number 9783319564142
-- 978-3-319-56414-2
024 7# - OTHER STANDARD IDENTIFIER
Standard number or code 10.1007/978-3-319-56414-2
Source of number or code doi
050 #4 - LIBRARY OF CONGRESS CALL NUMBER
Classification number Q337.5
050 #4 - LIBRARY OF CONGRESS CALL NUMBER
Classification number TK7882.P3
072 #7 - SUBJECT CATEGORY CODE
Subject category code UYQP
Source bicssc
072 #7 - SUBJECT CATEGORY CODE
Subject category code COM016000
Source bisacsh
072 #7 - SUBJECT CATEGORY CODE
Subject category code UYQP
Source thema
082 04 - DEWEY DECIMAL CLASSIFICATION NUMBER
Classification number 006.4
Edition number 23
245 10 - TITLE STATEMENT
Title Reproducible Research in Pattern Recognition
Medium [electronic resource] :
Remainder of title First International Workshop, RRPR 2016, Cancún, Mexico, December 4, 2016, Revised Selected Papers /
Statement of responsibility, etc edited by Bertrand Kerautret, Miguel Colom, Pascal Monasse.
250 ## - EDITION STATEMENT
Edition statement 1st ed. 2017.
264 #1 -
-- Cham :
-- Springer International Publishing :
-- Imprint: Springer,
-- 2017.
300 ## - PHYSICAL DESCRIPTION
Extent X, 179 p. 88 illus.
Other physical details online resource.
336 ## -
-- text
-- txt
-- rdacontent
337 ## -
-- computer
-- c
-- rdamedia
338 ## -
-- online resource
-- cr
-- rdacarrier
347 ## -
-- text file
-- PDF
-- rda
490 1# - SERIES STATEMENT
Series statement Image Processing, Computer Vision, Pattern Recognition, and Graphics ;
Том/ позначення послідовності 10214
505 0# - FORMATTED CONTENTS NOTE
Formatted contents note Pattern recognition algorithms -- Reproducible research frameworks -- Reproducible research results -- Previous works on reproducible research.
520 ## - SUMMARY, ETC.
Summary, etc This book constitutes the thoroughly refereed post-proceedings of the First International Workshop on Reproducible Research in Pattern Recognition, RRPR 2016, held in Cancún, Mexico, in December 2016. The 12 revised full papers, among them 2 invited talks, presented were carefully reviewed and selected from 16 submissions. They focus on pattern recognition algorithms; reproducible research frameworks; reproducible research results, previous works on reproducible research.
506 ## - RESTRICTIONS ON ACCESS NOTE
Terms governing access Available to subscribing member institutions only. Доступно лише організаціям членам підписки.
506 ## - RESTRICTIONS ON ACCESS NOTE
Standardized terminology for access restriction Online access from local network of NaUOA.
506 ## - RESTRICTIONS ON ACCESS NOTE
Standardized terminology for access restriction Online access with authorization at https://link.springer.com/
506 ## - RESTRICTIONS ON ACCESS NOTE
Standardized terminology for access restriction Онлайн-доступ з локальної мережі НаУОА.
506 ## - RESTRICTIONS ON ACCESS NOTE
Standardized terminology for access restriction Онлайн доступ з авторизацією на https://link.springer.com/
650 #0 - SUBJECT ADDED ENTRY--TOPICAL TERM
Topical term or geographic name as entry element Pattern recognition.
650 #0 - SUBJECT ADDED ENTRY--TOPICAL TERM
Topical term or geographic name as entry element Optical data processing.
650 #0 - SUBJECT ADDED ENTRY--TOPICAL TERM
Topical term or geographic name as entry element Artificial intelligence.
650 #0 - SUBJECT ADDED ENTRY--TOPICAL TERM
Topical term or geographic name as entry element Software engineering.
650 #0 - SUBJECT ADDED ENTRY--TOPICAL TERM
Topical term or geographic name as entry element Application software.
650 14 - SUBJECT ADDED ENTRY--TOPICAL TERM
Topical term or geographic name as entry element Pattern Recognition.
-- http://scigraph.springernature.com/things/product-market-codes/I2203X
650 24 - SUBJECT ADDED ENTRY--TOPICAL TERM
Topical term or geographic name as entry element Image Processing and Computer Vision.
-- http://scigraph.springernature.com/things/product-market-codes/I22021
650 24 - SUBJECT ADDED ENTRY--TOPICAL TERM
Topical term or geographic name as entry element Artificial Intelligence.
-- http://scigraph.springernature.com/things/product-market-codes/I21000
650 24 - SUBJECT ADDED ENTRY--TOPICAL TERM
Topical term or geographic name as entry element Software Engineering.
-- http://scigraph.springernature.com/things/product-market-codes/I14029
650 24 - SUBJECT ADDED ENTRY--TOPICAL TERM
Topical term or geographic name as entry element Information Systems Applications (incl. Internet).
-- http://scigraph.springernature.com/things/product-market-codes/I18040
700 1# - ADDED ENTRY--PERSONAL NAME
Personal name Kerautret, Bertrand.
Relator term editor.
Relator code edt
-- http://id.loc.gov/vocabulary/relators/edt
700 1# - ADDED ENTRY--PERSONAL NAME
Personal name Colom, Miguel.
Relator term editor.
Relator code edt
-- http://id.loc.gov/vocabulary/relators/edt
700 1# - ADDED ENTRY--PERSONAL NAME
Personal name Monasse, Pascal.
Relator term editor.
Relator code edt
-- http://id.loc.gov/vocabulary/relators/edt
710 2# - ADDED ENTRY--CORPORATE NAME
Corporate name or jurisdiction name as entry element SpringerLink (Online service)
773 0# - HOST ITEM ENTRY
Title Springer eBooks
776 08 - ADDITIONAL PHYSICAL FORM ENTRY
Display text Printed edition:
International Standard Book Number 9783319564135
776 08 - ADDITIONAL PHYSICAL FORM ENTRY
Display text Printed edition:
International Standard Book Number 9783319564159
830 #0 - SERIES ADDED ENTRY--UNIFORM TITLE
Uniform title Image Processing, Computer Vision, Pattern Recognition, and Graphics ;
Volume number/sequential designation 10214
856 40 - ELECTRONIC LOCATION AND ACCESS
Uniform Resource Identifier <a href="https://doi.org/10.1007/978-3-319-56414-2">https://doi.org/10.1007/978-3-319-56414-2</a>
912 ## -
-- ZDB-2-SCS
912 ## -
-- ZDB-2-LNC
942 ## - ADDED ENTRY ELEMENTS (KOHA)
Koha item type ЕКнига

Немає доступних примірників.